Απόκρυφα ευαγγέλια : εισαγωγή Charles Michel

Saved in:
Bibliographic Details
Other Authors: Michel, Charles, 1861-1929 (Author of introduction, etc.), Τσουκαλάς, Γ. (Translator)
Format: Book
Language:Greek
Published: [Athens] : Βιβλιοθήκη, [1950]
Subjects:
Tags: Add Tag
No Tags, Be the first to tag this record!

MARC

LEADER 00000cam a2200000 i 4500
001 1/82406
008 050727s1950 gre d
035 |l 10079517 
040 |a GR-MY-UA  |b gre  |e aacr 
041 0 |a gre 
082 0 |a 229  |2 (22) 
245 1 0 |a Απόκρυφα ευαγγέλια :  |b εισαγωγή Charles Michel /  |c μετάφραση Γ. Τσουκαλά 
260 |a [Athens] :   |b Βιβλιοθήκη,   |c [1950] 
300 |a 190 σ.;  |c 17 εκ. 
650 0 0 |a Apocryphal Gospels. 
650 0 0 |a Christianity  |x Sermons. 
700 1 |a Michel, Charles,   |d 1861-1929.  |4 aui 
700 1 |a Τσουκαλάς, Γ.  |4 trl 
852 |a INST  |b RHODES  |c KRI  |e 20050727  |h  229 ΑΠΟ  |p 005400022755  |q 005400022755  |t BK  |y 0 
901 |a BIBL4-2005-2 
909 |a Ρ  |b 122085 
970 |a ΚΟΖΑ  |b ΜΑΡΙΑ  |z 2005/07/27